LEADER 01173nam--2200361---450- 001 990003464460203316 005 20101104130506.0 010 $a978-88-6081-683-2 035 $a000346446 035 $aUSA01000346446 035 $a(ALEPH)000346446USA01 035 $a000346446 100 $a20101104d2010----km-y0itay50------ba 101 $aita 102 $aIT 105 $a||||||||001yy 200 1 $a<> mediazione educativa familiare$euna risorsa formativa per le famiglie separate, divorziate e ricostituite$fChiara Sirignano 210 $aRoma$cArmando$d2010 215 $a143 p.$d20 cm 225 2 $a<> problemi dell'educazione$iAggiornamenti 410 0$12001$a<> problemi dell'educazione$iAggiornamenti 606 0 $aFamiglia$xAssistenza$yItalia$2BNCF 676 $a362.828 700 1$aSIRIGNANO,$bChiara$0523999 801 0$aIT$bsalbc$gISBD 912 $a990003464460203316 951 $aII.4. 3926$b226898 L.M.$cII.4.$d00283952 959 $aBK 969 $aUMA 979 $aMARTUCCIEL$b90$c20101104$lUSA01$h1302 979 $aMARTUCCIEL$b90$c20101104$lUSA01$h1305 996 $aMediazione educativa familiare$91111934 997 $aUNISA LEADER 01075nam 2200385 450 001 9910828422503321 005 20230809223147.0 010 $a0-19-107196-X 035 $a(CKB)3710000001095606 035 $a(MiAaPQ)EBC4828922 035 $a(EXLCZ)993710000001095606 100 $a20170410h20172017 uy 0 101 0 $aeng 135 $aurcnu|||||||| 181 $2rdacontent 182 $2rdamedia 183 $2rdacarrier 200 10$aProfessor Higgins's problem collection /$fPeter M. Higgins 210 1$aNew York, New York :$cOxford University Press,$d2017. 210 4$dİ2017 215 $a1 online resource (126 pages) 300 $aIncludes index. 311 $a0-19-875547-3 311 $a0-19-107197-8 606 $aMathematics$vProblems, exercises, etc 615 0$aMathematics 676 $a510.76 700 $aHiggins$b Peter M.$0524604 801 0$bMiAaPQ 801 1$bMiAaPQ 801 2$bMiAaPQ 906 $aBOOK 912 $a9910828422503321 996 $aProfessor Higgins's problem collection$94092162 997 $aUNINA